00528 2200217 4500001002100000005001500021008004100036020002200077035002000099082001400119084002000133100001900153245003500172250001000207260003300217300002000250990001000270990001000280990001000290990001000300INLIS00000000001381220181109144846181109| ||| 0 ind d a978-602-242-777-3 a0010-11180004680 a899.221 3 a899.221 3 JEA p0 aJeaePengarang10aPinka Rossi :bsahabat Kecilku aCet 1 aBandung :bDAR! Mizan,c2017 a80 hlm ;c21 cm a50639 a50640 a50641 a50642